| 000 | 00585nam a2200181 i 4500 | ||
|---|---|---|---|
| 001 | 102145 | ||
| 003 | ES-MaACL | ||
| 005 | 20260201164428.0 | ||
| 007 | t| | ||
| 008 | 051104s1929 sp ||||1| spa d | ||
| 111 | 2 |
_aFeria de Muestras Asturiana ( _n5ª. _d1929. _cGijón) _9725 |
|
| 245 | 1 | 0 |
_aMemoria / _cV Feria de Muestras Asturiana, I Exposición Agro-Pecuaria. |
| 260 |
_aGijón : _bLa Industria, _c1929. |
||
| 300 |
_a234 p. : _bil. ; _c21 cm. |
||
| 711 | 0 |
_aExposición Agro-Pecuaria _n(1ª. _d1929. _cGijón) _9652 |
|
| 852 |
_aES-MaACL _jA-1270 |
||
| 999 |
_c102145 _d102145 |
||